000
00336nam a2200145Ia 4500
008
191201s2012 xx 000 0 und d
082
_a
657
_b
PAM
100
_a
PANDEY, I M
245
0
_a
Management Accounting
250
_a
2nd
260
_a
N.Delhi
_b
Vikas Publication House
_c
2012
300
_a
608
650
_a
MBA
942
_2
ddc
_c
BK
999
_c
2636
_d
2636